000 00381nam a22001457a 4500
999 _c2703
_d2703
008 200313b ||||| |||| 00| 0 eng d
082 0 0 _a629.133347
_bW286
100 _92315
_aWarren, C. H. E.
245 1 0 _aWind tuned tests on the shet land
_cby C. H. E. Warren
260 _aLondon
_bHMSO
_c1951
300 _a25 p.
365 _d3.06
650 0 _aWind Tunnel Testing
942 _cBK